|
|
|
|
| LEADER |
00000nam0a2200000 4500 |
| 001 |
336072 |
| 005 |
20231102004822.0 |
| 010 |
|
|
|a 9785811413904
|
| 035 |
|
|
|a (RuTPU)RU\TPU\book\362488
|
| 090 |
|
|
|a 336072
|
| 100 |
|
|
|a 20171009d2012 m y0rusy50 ca
|
| 101 |
0 |
|
|a rus
|
| 102 |
|
|
|a RU
|
| 105 |
|
|
|a a j 001zy
|
| 200 |
1 |
|
|a Электроснабжение и электропотребление в строительстве
|e учебное пособие
|f Е. Ф. Щербаков, Д. С. Александров, А. Л. Дубов
|
| 205 |
|
|
|a 2-е изд., доп.
|
| 210 |
|
|
|a Санкт-Петербург
|c Лань
|d 2012
|
| 215 |
|
|
|a 512 с.
|c ил.
|
| 225 |
1 |
|
|a Учебники для вузов. Специальная литература
|
| 320 |
|
|
|a Библиогр.: с. 506-507
|
| 320 |
|
|
|a Список сокращений: с. 5
|
| 330 |
|
|
|a Рассмотрены вопросы электроснабжения и электропотребления на объектах строительства, применения электрической энергии в строительстве. Приведены сведения об электрических нагрузках и методах их расчета, распределении электрической энергии. Описаны конструкции электрических сетей и подстанций. Анализируется выбор электрооборудования в системах электроснабжения, принципы и методы расчета режимов электрических сетей, компенсации реактивной мощности, защиты и автоматики в системах электроснабжения, качество электрической энергии и надежности электроснабжения, режимы электропотребления. Предназначается для студентов, обучающихся по направлению «Строительство» (профили «Промышленное и гражданское строительство» и «Теплогазоснабжение и вентиляция»). Также может быть полезным студентам средних специальных учебных заведений и специалистам, занятым проектированием и эксплуатацией систем электроснабжения объектов строительства, а также специалистам, выполняющим строительные работы.
|
| 606 |
1 |
|
|a Строительные организации
|x Электроснабжение
|2 stltpush
|3 (RuTPU)RU\TPU\subj\57697
|9 75555
|
| 610 |
1 |
|
|a электроустановки
|
| 610 |
1 |
|
|a строительные машины
|
| 610 |
1 |
|
|a электроприводы
|
| 610 |
1 |
|
|a строительное производство
|
| 610 |
1 |
|
|a электронагрев
|
| 610 |
1 |
|
|a металлы
|
| 610 |
1 |
|
|a электросварка
|
| 610 |
1 |
|
|a термическая обработка
|
| 610 |
1 |
|
|a электрическое освещение
|
| 610 |
1 |
|
|a электрические нагрузки
|
| 610 |
1 |
|
|a строительные площадки
|
| 610 |
1 |
|
|a электрические сети
|
| 610 |
1 |
|
|a трансформаторные подстанции
|
| 610 |
1 |
|
|a реактивная мощность
|
| 610 |
1 |
|
|a компенсация
|
| 610 |
1 |
|
|a аварийные режимы
|
| 610 |
1 |
|
|a электрические аппараты
|
| 610 |
1 |
|
|a релейная защита
|
| 610 |
1 |
|
|a качество
|
| 610 |
1 |
|
|a надежность
|
| 610 |
1 |
|
|a заземление
|
| 610 |
1 |
|
|a электробезопасность
|
| 610 |
1 |
|
|a электропотребление
|
| 610 |
1 |
|
|a учебные пособия
|
| 675 |
|
|
|a 69.055(075.8)
|v 4
|
| 700 |
|
1 |
|a Щербаков
|b Е. Ф.
|g Евгений Федорович
|
| 701 |
|
1 |
|a Александров
|b Д. С.
|g Дмитрий Степанович
|
| 701 |
|
1 |
|a Дубов
|b А. Л.
|g Александр Леонидович
|
| 801 |
|
1 |
|a RU
|b 63413507
|c 20171009
|
| 801 |
|
2 |
|a RU
|b 63413507
|c 20171016
|g RCR
|
| 942 |
|
|
|c BK
|